000 00686nam a2200253Ia 4500
003 OSt
005 20221005055859.0
006 a|||||r|||| 00| 0
007 ta
008 221004b |||||||| |||| 00| 0 eng d
020 _a0140107800 (pbk)
024 _a122348
037 _bGift, 27/10/2012,
_cTextual
040 _aCRL
_cCRL
_beng
041 _2eng
_aeng
082 _aY73(Q7), M6
100 _aGandhi Rajmohan
245 0 _aUnderstanding the Muslim mind
260 _aLondon
_bPenguin Books UK
_c1986
300 _a359p.
_ccm.
650 _aSOCIOLOGY
942 _hY73(Q7), M6
_cTEXL
_2cc
999 _c965847
_d965847